| 000 | 01076nam a22001937a 4500 | ||
|---|---|---|---|
| 003 | OSt | ||
| 005 | 20251121095935.0 | ||
| 008 | 251121b |||||||| |||| 00| 0 eng d | ||
| 040 | _cDCL | ||
| 082 | _a၂၉၄.၃၈၂၃၅၁၂ | ||
| 130 |
_aတိပိဋက။ _pသုတ္တန္တပိဋက။ _pခုဒ္ဒကနိကာယ။ _tဥဒါန၊ _lအဋ္ဌကထာ၊ _sနိဿယ။ |
||
| 245 |
_aဥဒါန်း အဋ္ဌကထာနိဿယ၊ _nဒုတိယတွဲ / _cအသျှင်စာဂရမထေရ်။ |
||
| 264 |
_aမန္တလေး ၊ _bမန္တလေးတောင်ပိဋကတ်စာပုံနှိပ်တိုက်၊ _c၂၀၀၅။ |
||
| 300 |
_a၅၂၀ စာမျက်နှာ ၊ _c၂၅ စင်တီ။ |
||
| 650 |
_aဥဒါန်း _vအဋ္ဌကထာ နိဿယ။ |
||
| 650 |
_aဥဒါန _vပါဠိတော် နိဿယ။ |
||
| 700 | _aစာဂရမထေရ်၊ အသျှင် | ||
| 942 |
_2ddc _cSHORT TERM _n0 |
||
| 999 |
_c2562 _d2562 |
||